[Event "NOR-chT Elite 2223"]
[Site "Norway"]
[Date "2023.01.14"]
[Round "5.16"]
[White "Kizatbay, Abyl"]
[Black "Diesen, Bruce"]
[Result "1/2-1/2"]
[WhiteElo "2148"]
[BlackElo "2134"]
[PlyCount "99"]
[EventDate "2022.11.11"]
[EventType "team-tourn"]
[EventRounds "9"]
[EventCountry "NOR"]
[SourceTitle "CBM 213 Extra"]
[Source "ChessBase"]
[SourceDate "2023.05.31"]
[SourceVersion "1"]
[SourceVersionDate "2023.05.31"]
[SourceQuality "1"]
[WhiteTeam "Stavanger"]
[BlackTeam "Asker"]
[WhiteTeamCountry "NOR"]
[BlackTeamCountry "NOR"]

1. e4 c5 2. Nf3 d6 3. Bb5+ Nd7 4. d4 cxd4 5. Qxd4 a6 6. Bxd7+ Bxd7 7. Nc3 e5 8. Qd3 Rc8 9. 0-0 h6 10. Nd2 Nf6 11. Nc4 Be6 12. Ne3 Be7 13. a4 0-0 14. Rd1 Qc7 15. Bd2 Rfd8 16. Be1 Bc4 17. Nxc4 Qxc4 18. a5 Qxd3 19. Rxd3 Rc4 20. f3 Rdc8 21. Bh4 g5 22. Bf2 Kg7 23. g4 R4c6 24. h4 Bd8 25. h5 b5 26. axb6 Bxb6 27. Rd2 Rb8 28. Bxb6 Rbxb6 29. Nd1 Rb5 30. b3 d5 31. c4 dxc4 32. bxc4 Rb3 33. Kf2 Rxc4 34. Rxa6 Nxe4+ 35. fxe4 Rxe4 36. Re2 Rf4+ 37. Ke1 Rb1 38. Rd6 Rxg4 39. Rxe5 Rh4 40. Ke2 Rh2+ 41. Kf3 Rb3+ 42. Ne3 Rxh5 43. Kg2 Rb2+ 44. Kg1 Rhh2 45. Nf5+ Kh7 46. Re7 Rhg2+ 47. Kh1 Rh2+ 48. Kg1 Rhg2+ 49. Kh1 Rh2+ 50. Kg1 1/2-1/2

[Event "NOR-chT Elite 2223"]
[Site "Norway"]
[Date "2023.01.13"]
[Round "4.56"]
[White "Diesen, Bruce"]
[Black "Knutsen, Oystein"]
[Result "1/2-1/2"]
[WhiteElo "2134"]
[BlackElo "1789"]
[PlyCount "116"]
[EventDate "2022.11.11"]
[EventType "team-tourn"]
[EventRounds "9"]
[EventCountry "NOR"]
[SourceTitle "CBM 213 Extra"]
[Source "ChessBase"]
[SourceDate "2023.05.31"]
[SourceVersion "1"]
[SourceVersionDate "2023.05.31"]
[SourceQuality "1"]
[WhiteTeam "Asker"]
[BlackTeam "Oslo SK 1911"]
[WhiteTeamCountry "NOR"]
[BlackTeamCountry "NOR"]

1. e4 d5 2. exd5 Qxd5 3. Nc3 Qa5 4. d4 c6 5. Nf3 Bf5 6. Bc4 e6 7. Qe2 Bb4 8. Bd2 Nf6 9. 0-0 0-0 10. a3 Bxc3 11. Bxc3 Qc7 12. h3 Nbd7 13. Rac1 Rfe8 14. Rfe1 Ne4 15. Bd2 Nxd2 16. Qxd2 Rad8 17. Qe3 h6 18. Bf1 a6 19. c4 Qd6 20. Rcd1 Kf8 21. Rd2 Nf6 22. Qb3 Qc7 23. Red1 Ne4 24. Re2 Nf6 25. Qe3 c5 26. Rc1 cxd4 27. Nxd4 Bg6 28. Rd2 Ne4 29. Rdd1 Nf6 30. Be2 Kg8 31. Nf3 Rxd1+ 32. Rxd1 Rd8 33. Rxd8+ Qxd8 34. Ne5 Be4 35. b4 Qc7 36. f4 b6 37. Qd4 Bb7 38. Bd3 Kf8 39. Kf2 Ke7 40. a4 Ne8 41. Be4 Bxe4 42. Qxe4 Nd6 43. Qa8 Nxc4 44. Qxa6 Nxe5 45. fxe5 Qc2+ 46. Kg1 Qd1+ 47. Kh2 Qd4 48. Qb7+ Ke8 49. Qc8+ Ke7 50. Qc7+ Ke8 51. a5 Qf4+ 52. Kg1 Qe3+ 53. Kf1 Qd3+ 54. Kf2 Qd2+ 55. Kf1 Qd1+ 56. Kf2 Qd2+ 57. Kf1 Qd1+ 58. Kf2 Qd2+ 1/2-1/2

[Event "NOR-chT Elite 2223"]
[Site "Norway"]
[Date "2022.11.11"]
[Round "1.36"]
[White "Valvag, Torbjorn"]
[Black "Diesen, Bruce"]
[Result "0-1"]
[WhiteElo "2039"]
[BlackElo "2126"]
[PlyCount "104"]
[EventDate "2022.11.11"]
[EventType "team-tourn"]
[EventRounds "9"]
[EventCountry "NOR"]
[SourceTitle "CBM 211 Extra"]
[Source "ChessBase"]
[SourceDate "2023.01.31"]
[SourceVersion "1"]
[SourceVersionDate "2023.01.31"]
[SourceQuality "1"]
[WhiteTeam "Tromsoe"]
[BlackTeam "Asker"]
[WhiteTeamCountry "NOR"]
[BlackTeamCountry "NOR"]

1. d4 Nf6 2. Bf4 e6 3. Nf3 c5 4. e3 Nc6 5. c3 d5 6. Nbd2 Nh5 7. Bg3 cxd4 8. cxd4 Nxg3 9. hxg3 Bd7 10. a3 g6 11. Bd3 Bg7 12. b4 0-0 13. Nb3 Re8 14. 0-0 e5 15. dxe5 Nxe5 16. Nfd4 h5 17. Nc5 Bc8 18. Bb5 Re7 19. Rc1 Bg4 20. Be2 Qd6 21. Qb3 Rd8 22. Rfd1 Bxe2 23. Nxe2 Ng4 24. Nf4 d4 25. Rd3 b6 26. Na6 h4 27. gxh4 Red7 28. g3 Ne5 29. Rdd1 Qf6 30. exd4 Rxd4 31. Rxd4 Rxd4 32. Rd1 Qd6 33. Rxd4 Qxd4 34. Qe3 Qc4 35. b5 Qxb5 36. Nb4 Nc4 37. Qd3 Qc5 38. Nc2 Bf8 39. Nd5 Ne5 40. Qb3 Bd6 41. h5 Kg7 42. hxg6 fxg6 43. Nf4 Qc4 44. Qb2 Kf7 45. Ne3 Nf3+ 46. Kh1 Qe4 47. Qb3+ Kg7 48. Nfg2 Qd4 49. Nd1 Nd2 50. Qe6 Bxa3 51. Nde3 Qa1+ 52. Kh2 Nf3+ 0-1

[Event "NOR-chT Elite 2122"]
[Site "Norway"]
[Date "2021.10.30"]
[Round "2.3"]
[White "Diesen, Bruce"]
[Black "Ranaldi, Lucas"]
[Result "0-1"]
[WhiteElo "2131"]
[BlackElo "2330"]
[PlyCount "142"]
[EventDate "2021.10.28"]
[EventType "team-tourn"]
[EventRounds "9"]
[EventCountry "NOR"]
[SourceTitle "CBM 204 Extra"]
[Source "ChessBase"]
[SourceDate "2021.11.30"]
[SourceVersion "1"]
[SourceVersionDate "2021.11.30"]
[SourceQuality "1"]
[WhiteTeam "Asker"]
[BlackTeam "Offerspill"]
[WhiteTeamCountry "NOR"]
[BlackTeamCountry "NOR"]

1. e4 c6 2. d4 d5 3. e5 Bf5 4. Nf3 e6 5. Be2 c5 6. Be3 cxd4 7. Nxd4 Ne7 8. Bg5 Qa5+ 9. Nc3 Nbc6 10. Bb5 Qc7 11. 0-0 Bg6 12. Rc1 a6 13. Ba4 h6 14. Bf4 Nf5 15. Nce2 b5 16. Nxc6 Qxc6 17. Bb3 Bc5 18. c3 Qb6 19. Bc2 Nh4 20. b4 Bxc2 21. Rxc2 Be7 22. Nd4 Rc8 23. Be3 Qb8 24. f4 g6 25. Kh1 Rc4 26. Bf2 Nf5 27. Nxf5 gxf5 28. Bd4 h5 29. Rd2 Bd8 30. Rd3 h4 31. g4 hxg3 32. Rxg3 Bb6 33. Rfg1 Ke7 34. a3 Bxd4 35. cxd4 Qb6 36. Rd3 Rh4 37. Qd2 Qd8 38. Qf2 Qh8 39. Rdg3 Qh6 40. R3g2 Qxf4 41. Qxf4 Rxf4 42. Rg8 Rfxd4 43. Ra8 Rg4 44. Ra7+ Kf8 45. Rxa6 Rxg1+ 46. Kxg1 Rc3 47. Kf2 Kg7 48. Ra5 Kg6 49. Rxb5 Rxa3 50. Rb7 Rh3 51. Kg2 Re3 52. b5 Rxe5 53. b6 Re2+ 54. Kg3 Re3+ 55. Kf2 Rh3 56. Kg2 Rb3 57. Rb8 d4 58. b7 Kh7 59. Rd8 Rxb7 60. Rxd4 Kg6 61. Kf3 Rb3+ 62. Kg2 e5 63. Rd6+ Kg5 64. Rd7 Rb2+ 65. Kg1 f6 66. Rg7+ Kf4 67. Rg6 e4 68. Rxf6 e3 69. Re6 Kf3 70. h4 Rb1+ 71. Kh2 e2 0-1

[Event "NOR-chT Elite 1920"]
[Site "Norway"]
[Date "2020.01.19"]
[Round "6.1"]
[White "Bergvoll, Mats"]
[Black "Diesen, Bruce"]
[Result "0-1"]
[WhiteElo "2075"]
[BlackElo "2155"]
[PlyCount "144"]
[EventDate "2019.11.01"]
[EventType "team-tourn"]
[EventRounds "9"]
[EventCountry "NOR"]
[SourceTitle "CBM 195 Extra"]
[Source "ChessBase"]
[SourceDate "2020.05.31"]
[SourceVersion "1"]
[SourceVersionDate "2020.05.31"]
[SourceQuality "1"]
[WhiteTeam "Tromsoe"]
[BlackTeam "Asker"]
[WhiteTeamCountry "NOR"]
[BlackTeamCountry "NOR"]

1. d4 Nf6 2. c4 e6 3. Nc3 Bb4 4. f3 d5 5. a3 Bxc3+ 6. bxc3 0-0 7. cxd5 exd5 8. e3 Bf5 9. g4 Nxg4 10. fxg4 Qh4+ 11. Kd2 Be4 12. Nf3 Qf2+ 13. Qe2 Qxf3 14. Qxf3 Bxf3 15. Rg1 Nd7 16. Rb1 b6 17. g5 Be4 18. Rb3 c6 19. a4 f5 20. Ba3 Rf7 21. Bd6 Re8 22. Be2 Re6 23. Bf4 c5 24. Bb5 Nf8 25. Be2 Rc6 26. Bb5 Rc8 27. Ba6 Rd8 28. a5 c4 29. Rb2 bxa5 30. Ra1 Ne6 31. Rxa5 Re7 32. Rb7 Rdd7 33. Rxd7 Rxd7 34. Bc8 Nxf4 35. Bxd7 Nh3 36. Be6+ Kf8 37. Bxd5 Nxg5 38. Bxe4 Nxe4+ 39. Kc2 Nd6 40. Rxa7 h6 41. Rd7 Ne4 42. h4 g6 43. Rc7 Nd6 44. Kd1 g5 45. hxg5 hxg5 46. Ke2 Ke8 47. Kd1 Kf8 48. Kc2 Ke8 49. Kb2 Kf8 50. Rd7 Ne4 51. Rd5 Ng3 52. Ka3 Kg7 53. Kb4 g4 54. Kxc4 Ne4 55. Kd3 g3 56. Rd7+ Kf6 57. Ra7 g2 58. Ra1 Nf2+ 59. Ke2 Nh3 60. e4 fxe4 61. Ke3 Kf5 62. d5 g1Q+ 63. Rxg1 Nxg1 64. c4 Nf3 65. c5 Ke5 66. c6 Nd4 67. c7 Nf5+ 68. Ke2 Nd6 69. Ke3 Kxd5 70. Kf4 Kd4 71. Kg5 e3 72. Kf6 Ne8+ 0-1

[Event "NOR-chT 1819"]
[Site "Norway"]
[Date "2019.03.10"]
[Round "9.4"]
[White "Galinsky, Timofey"]
[Black "Diesen, Bruce"]
[Result "1-0"]
[WhiteElo "2359"]
[BlackElo "2159"]
[PlyCount "105"]
[EventDate "2018.11.02"]
[EventType "team-tourn"]
[EventRounds "9"]
[EventCountry "NOR"]
[SourceTitle "CBM 189 Extra"]
[Source "ChessBase"]
[SourceDate "2019.06.03"]
[SourceVersion "1"]
[SourceVersionDate "2019.06.03"]
[SourceQuality "1"]
[WhiteTeam "OSS"]
[BlackTeam "Asker"]
[WhiteTeamCountry "NOR"]
[BlackTeamCountry "NOR"]

1. d4 Nf6 2. Nf3 e6 3. Bg5 h6 4. Bh4 Be7 5. e3 b6 6. Bd3 Bb7 7. Nbd2 c5 8. 0-0 0-0 9. Qe2 cxd4 10. exd4 Nd5 11. Bxe7 Qxe7 12. Be4 d6 13. a4 Qc7 14. c4 Nf6 15. Bxb7 Qxb7 16. b4 Nbd7 17. a5 bxa5 18. bxa5 Qa6 19. Qe3 Rab8 20. h3 Rfc8 21. Qa3 e5 22. Rfe1 exd4 23. Nxd4 Ne5 24. Nf5 Rc5 25. Qg3 Ng6 26. Qxd6 Qxd6 27. Nxd6 Rb2 28. N2e4 Nxe4 29. Rxe4 Rc6 30. Re8+ Kh7 31. Rd1 Rc5 32. Rd5 Rxd5 33. cxd5 Rd2 34. Ra8 Rxd5 35. Nb7 Nf4 36. Rxa7 Rg5 37. g3 Nxh3+ 38. Kg2 Nf4+ 39. Kf1 Nd3 40. Nd8 Rf5 41. f4 Kg6 42. Nxf7 Rb5 43. a6 Nc5 44. Ne5+ Kh7 45. Ra8 Ra5 46. a7 Ne6 47. Nc6 Ra2 48. Rc8 Ra1+ 49. Kg2 Ra2+ 50. Kh3 Nd4 51. Nxd4 Rxa7 52. Ne6 Kg6 53. Rc7 1-0

[Event "NOR-chT 1819"]
[Site "Norway"]
[Date "2018.11.02"]
[Round "1.3"]
[White "Diesen, Bruce"]
[Black "Kaasen, Tor Fredrik"]
[Result "0-1"]
[WhiteElo "2159"]
[BlackElo "2396"]
[PlyCount "138"]
[EventDate "2018.11.02"]
[EventType "team-tourn"]
[EventRounds "9"]
[EventCountry "NOR"]
[SourceTitle "CBM 188 Extra"]
[Source "ChessBase"]
[SourceDate "2019.02.26"]
[SourceVersion "1"]
[SourceVersionDate "2019.02.26"]
[SourceQuality "1"]
[WhiteTeam "Asker"]
[BlackTeam "Valerenga"]
[WhiteTeamCountry "NOR"]
[BlackTeamCountry "NOR"]

1. e4 c5 2. Nf3 d6 3. d4 cxd4 4. Nxd4 Nf6 5. Nc3 Nc6 6. Bg5 e6 7. Qd2 Be7 8. 0-0-0 Nxd4 9. Qxd4 a6 10. f4 b5 11. e5 dxe5 12. Qxd8+ Bxd8 13. fxe5 Nd7 14. Bxd8 Kxd8 15. Be2 Ke7 16. Bf3 Ra7 17. Rhe1 Rc7 18. Rd2 Rc5 19. Rde2 Nb6 20. Nd1 Bd7 21. Nf2 a5 22. Nd3 Rc7 23. Rf2 Rhc8 24. Be4 g6 25. Re3 Rc4 26. g4 b4 27. Nf4 a4 28. Bd3 R4c5 29. Rh3 h5 30. gxh5 g5 31. Ng6+ fxg6 32. hxg6 Rxe5 33. Rf7+ Kd6 34. g7 g4 35. Rg3 Nd5 36. Rxg4 Ne7 37. Rxb4 Rg5 38. Rd4+ Nd5 39. c4 Bb5 40. Rf8 Rg1+ 41. Kd2 Rg2+ 42. Ke1 Ba6 43. Rxc8 Bxc8 44. cxd5 exd5 45. Rxa4 Rxg7 46. Rb4 Rg2 47. h4 Rh2 48. Be2 Ke5 49. a4 d4 50. Rb8 Bf5 51. Re8+ Kf4 52. Rf8 Ke3 53. Rxf5 Rxe2+ 54. Kd1 Rxb2 55. Rb5 Rh2 56. Re5+ Kd3 57. h5 Rh1+ 58. Re1 Rxh5 59. Rg1 Kc3 60. Rg3+ d3 61. Rg1 Rh2 62. Kc1 Ra2 63. Kb1 Rb2+ 64. Ka1 Rb4 65. Rg8 d2 66. Rc8+ Rc4 67. Rd8 Rd4 68. Rc8+ Kb3 69. Rb8+ Ka3 0-1

[Event "NOR-chT 1718"]
[Site "Norway"]
[Date "2018.01.12"]
[Round "4.2"]
[White "Holm, Kristian Stuvik"]
[Black "Diesen, Bruce"]
[Result "1-0"]
[WhiteElo "2429"]
[BlackElo "2170"]
[PlyCount "77"]
[EventDate "2017.11.03"]
[EventType "team-tourn"]
[EventRounds "9"]
[EventCountry "NOR"]
[SourceTitle "EXT 2019"]
[Source "ChessBase"]
[SourceDate "2018.10.10"]
[SourceVersion "1"]
[SourceVersionDate "2018.10.10"]
[SourceQuality "1"]
[WhiteTeam "Valerenga"]
[BlackTeam "Asker"]
[WhiteTeamCountry "NOR"]
[BlackTeamCountry "NOR"]

1. d4 Nf6 2. c4 e6 3. Nf3 b6 4. g3 Bb7 5. Bg2 Be7 6. 0-0 0-0 7. Re1 Na6 8. a3 c5 9. d5 exd5 10. Nh4 Ne4 11. cxd5 Bxh4 12. Bxe4 Bf6 13. Nc3 d6 14. Qc2 g6 15. Bg2 Nc7 16. e4 b5 17. Bf4 b4 18. axb4 cxb4 19. Ne2 Re8 20. Qd2 a5 21. Nd4 Be5 22. Rec1 Na6 23. Bxe5 Rxe5 24. Nb3 Nb8 25. Qc2 Re7 26. Qc4 Qb6 27. Qd4 Qxd4 28. Nxd4 Kf8 29. Nb5 Ra6 30. f4 f6 31. Rc4 Nd7 32. Nc7 Nc5 33. Nxa6 Bxa6 34. Rxc5 dxc5 35. Rxa5 Bd3 36. Rxc5 Bxe4 37. d6 Re6 38. Rc8+ Re8 39. d7 1-0

[Event "NOR-chT 1617"]
[Site "Norway"]
[Date "2016.10.29"]
[Round "2.4"]
[White "Christiansen, Johan Sebastian"]
[Black "Diesen, Bruce"]
[Result "1-0"]
[WhiteElo "2408"]
[BlackElo "2177"]
[PlyCount "83"]
[EventDate "2016.10.28"]
[EventType "team-tourn"]
[EventRounds "9"]
[EventCountry "NOR"]
[SourceTitle "EXT 2018"]
[Source "ChessBase"]
[SourceDate "2017.10.13"]
[SourceVersion "1"]
[SourceVersionDate "2017.10.13"]
[SourceQuality "1"]
[WhiteTeam "Valerenga"]
[BlackTeam "Asker"]
[WhiteTeamCountry "NOR"]
[BlackTeamCountry "NOR"]

1. Nf3 Nf6 2. c4 e6 3. g3 b6 4. Bg2 Bb7 5. 0-0 Be7 6. d4 0-0 7. Re1 d5 8. cxd5 exd5 9. Nc3 Nbd7 10. Bf4 Nh5 11. Be3 c6 12. Rc1 Re8 13. a3 a5 14. Ne5 Bf8 15. Bg5 f6 16. Nxd7 Qxd7 17. Bd2 f5 18. e4 Nf6 19. e5 Ne4 20. Nxe4 dxe4 21. Qb3+ Kh8 22. Qxb6 Reb8 23. Bxa5 Bc8 24. Qc7 Rxb2 25. Qxc6 Qxd4 26. Rf1 Bb7 27. Bc3 Qa7 28. Qd7 Ra2 29. Bd4 Rd2 30. Rcd1 Rxd1 31. Rxd1 Qa4 32. Qxa4 Rxa4 33. Bc5 Ra8 34. Bxf8 Rxf8 35. Rd7 Ba6 36. Bf1 Bxf1 37. Kxf1 Kg8 38. a4 Re8 39. a5 Kf8 40. a6 Rxe5 41. a7 Re8 42. Rb7 1-0

[Event "NOR-chT 1516"]
[Site "Norway"]
[Date "2016.01.17"]
[Round "6.5"]
[White "Diesen, Bruce"]
[Black "Pettersen, Joar Gullestad"]
[Result "1-0"]
[WhiteElo "2161"]
[BlackElo "2012"]
[PlyCount "41"]
[EventDate "2015.10.30"]
[EventType "team-tourn"]
[EventRounds "9"]
[EventCountry "NOR"]
[SourceTitle "CBM 170 Extra"]
[Source "ChessBase"]
[SourceDate "2016.02.25"]
[SourceVersion "1"]
[SourceVersionDate "2016.02.25"]
[SourceQuality "1"]
[WhiteTeam "Asker"]
[BlackTeam "Stavanger"]
[WhiteTeamCountry "NOR"]
[BlackTeamCountry "NOR"]

1. e4 e6 2. d4 d5 3. Nc3 Nf6 4. Bg5 Bb4 5. e5 h6 6. Be3 Ne4 7. Qg4 g5 8. Nge2 h5 9. Qf3 c5 10. 0-0-0 g4 11. Qf4 Nxc3 12. Nxc3 Bxc3 13. bxc3 c4 14. h3 Qa5 15. Kd2 gxh3 16. Rxh3 Nd7 17. Be2 Nb6 18. Qf6 Rh7 19. Bg5 Kd7 20. Qe7+ Kc6 21. Rb1 1-0

[Event "NOR-chT 1213"]
[Site "Norway"]
[Date "2013.04.05"]
[Round "7"]
[White "Evensen, Tom Richard"]
[Black "Diesen, Bruce"]
[Result "1-0"]
[WhiteElo "2071"]
[BlackElo "2156"]
[PlyCount "121"]
[EventDate "2012.11.02"]
[EventType "team-tourn"]
[EventRounds "9"]
[EventCountry "NOR"]
[SourceTitle "EXT 2014"]
[Source "ChessBase"]
[SourceDate "2013.11.20"]
[SourceVersion "1"]
[SourceVersionDate "2013.11.20"]
[SourceQuality "1"]
[WhiteTeam "Trondheim"]
[BlackTeam "Asker"]
[WhiteTeamCountry "NOR"]
[BlackTeamCountry "NOR"]

1. d4 Nf6 2. Nf3 e6 3. g3 b6 4. Bg2 Bb7 5. 0-0 c5 6. c4 cxd4 7. Nxd4 Bxg2 8. Kxg2 Qc8 9. Qd3 Bc5 10. Bg5 Nc6 11. Nxc6 Qxc6+ 12. f3 Rc8 13. Nc3 Be7 14. Nb5 Qb7 15. e4 a6 16. Nd6+ Bxd6 17. Qxd6 Qc7 18. Rad1 h6 19. Be3 Qxd6 20. Rxd6 Rxc4 21. Rxb6 0-0 22. Rxa6 d5 23. exd5 Nxd5 24. Ra3 Rb8 25. Rf2 Kh7 26. Rd2 Rcb4 27. Bd4 Kg6 28. Ra6 Nc7 29. Rc6 Nd5 30. Be5 Rd8 31. Rd6 Rxd6 32. Bxd6 Ra4 33. b3 Ra6 34. Bc5 f5 35. b4 Nc3 36. Rc2 Nb5 37. Bf2 Ra3 38. Rc5 Nc3 39. Ra5 Rxa2 40. Rxa2 Nxa2 41. b5 Nb4 42. b6 Nc6 43. b7 Kf6 44. Bc5 Ke5 45. Ba7 Kd5 46. b8Q Nxb8 47. Bxb8 e5 48. Kf2 g5 49. Ke3 Ke6 50. g4 Kf6 51. Kd3 e4+ 52. fxe4 fxg4 53. Bc7 h5 54. Kd4 h4 55. Kd5 Kg7 56. Ke6 Kg6 57. Bd6 Kh6 58. Kf5 Kh5 59. Bg3 Kh6 60. Kf6 hxg3 61. hxg3 1-0

[Event "NOR-chT 1213"]
[Site "Norway"]
[Date "2012.11.03"]
[Round "2"]
[White "Nilsen, Joachim Birger"]
[Black "Diesen, Bruce"]
[Result "1-0"]
[WhiteElo "2229"]
[BlackElo "2156"]
[PlyCount "81"]
[EventDate "2012.11.02"]
[EventType "team-tourn"]
[EventRounds "9"]
[EventCountry "NOR"]
[SourceTitle "EXT 2013"]
[Source "ChessBase"]
[SourceDate "2012.11.22"]
[SourceVersion "1"]
[SourceVersionDate "2012.11.22"]
[SourceQuality "1"]
[WhiteTeam "Bergens"]
[BlackTeam "Asker"]
[WhiteTeamCountry "NOR"]
[BlackTeamCountry "NOR"]

1. d4 Nf6 2. c4 e6 3. Nf3 b6 4. g3 Bb7 5. Bg2 Be7 6. 0-0 0-0 7. Re1 c5 8. d5 exd5 9. Nh4 Na6 10. cxd5 d6 11. Nf5 Re8 12. e4 Bf8 13. Nc3 Nc7 14. Bg5 Bc8 15. Qf3 Bxf5 16. Qxf5 Qd7 17. Qf3 Be7 18. h4 h6 19. Bf4 b5 20. a3 a5 21. a4 b4 22. Nb1 Ng4 23. Nd2 Bf6 24. Bh3 h5 25. Nc4 Ra6 26. Kg2 Be5 27. Bxe5 dxe5 28. Qe2 f5 29. f3 Rg6 30. d6 Ne6 31. exf5 Nd4 32. Qe4 Nxf5 33. fxg4 hxg4 34. Bxg4 Nxh4+ 35. Kh3 Qd8 36. gxh4 Rh6 37. h5 Qg5 38. d7 Rf8 39. Qxe5 Qd8 40. Rf1 Rhf6 41. Rxf6 1-0

[Event "EU-Cup 27th"]
[Site "Rogaska Slatina"]
[Date "2011.09.29"]
[Round "5"]
[White "Diesen, Bruce"]
[Black "Pergel, Laszlo"]
[Result "1/2-1/2"]
[WhiteElo "2174"]
[BlackElo "2245"]
[PlyCount "72"]
[EventDate "2011.09.25"]
[EventType "team-swiss"]
[EventRounds "7"]
[EventCountry "SLO"]
[SourceTitle "CBM 145"]
[Source "ChessBase"]
[SourceDate "2011.11.11"]
[SourceVersion "1"]
[SourceVersionDate "2011.11.11"]
[SourceQuality "1"]
[WhiteTeam "Asker"]
[BlackTeam "Haladas"]
[WhiteTeamCountry "NOR"]
[BlackTeamCountry "HUN"]

1. e4 c5 2. Nf3 Nc6 3. d4 cxd4 4. Nxd4 Nf6 5. Nc3 d6 6. Bg5 e6 7. Qd2 Be7 8. 0-0-0 0-0 9. f4 h6 10. Bh4 e5 11. Nf5 Bxf5 12. exf5 exf4 13. Kb1 d5 14. Bxf6 Bxf6 15. Nxd5 Be5 16. Bc4 b5 17. Bxb5 Rb8 18. c4 Nd4 19. a4 Qd6 20. Rhe1 f6 21. Qf2 a6 22. Rxd4 axb5 23. axb5 Qc5 24. Rxf4 Rxb5 25. Qxc5 Rxc5 26. Rg4 Rb8 27. b4 Ra5 28. Rxe5 fxe5 29. f6 g5 30. h4 Kf7 31. Kc2 Rxd5 32. cxd5 Kxf6 33. Kd3 Kf5 34. Rc4 g4 35. Ke3 h5 36. Kd3 Rb5 1/2-1/2

[Event "NOR-chT 1011"]
[Site "Oslo"]
[Date "2011.04.01"]
[Round "7"]
[White "Pham, Toan Thanh"]
[Black "Diesen, Bruce"]
[Result "1-0"]
[WhiteElo "2086"]
[BlackElo "2168"]
[PlyCount "135"]
[EventDate "2010.11.05"]
[EventType "team-tourn"]
[EventRounds "9"]
[EventCountry "NOR"]
[SourceTitle "EXT 2012"]
[Source "ChessBase"]
[SourceDate "2011.11.24"]
[SourceVersion "1"]
[SourceVersionDate "2011.11.24"]
[SourceQuality "1"]
[WhiteTeam "Akademisk"]
[BlackTeam "Asker"]
[WhiteTeamCountry "NOR"]
[BlackTeamCountry "NOR"]

1. d4 Nf6 2. c4 e6 3. Nc3 Bb4 4. Qc2 0-0 5. a3 Bxc3+ 6. Qxc3 b6 7. Bg5 Bb7 8. e3 h6 9. Bh4 d6 10. Ne2 Nbd7 11. Qd3 Re8 12. Nc3 d5 13. cxd5 exd5 14. Be2 c6 15. 0-0 Qe7 16. Rac1 Qe6 17. Qc2 Rac8 18. Bd3 Ne4 19. Nxe4 dxe4 20. Bc4 Qg4 21. Bg3 c5 22. Qd1 Qg6 23. b4 cxd4 24. Qxd4 Nf8 25. Rfd1 Qf5 26. h3 Re7 27. Be2 Ra8 28. Bd6 Ne6 29. Qe5 Qxe5 30. Bxe5 Kh7 31. Bb5 f5 32. Bb2 Rf8 33. Bc4 Nc7 34. a4 Rc8 35. b5 Ne8 36. Bb3 Rxc1 37. Bxc1 Nf6 38. Bb2 Kg6 39. Rd6 Rc7 40. Be5 Re7 41. Bxf6 gxf6 42. Be6 Rc7 43. Kh2 a6 44. Rxb6 axb5 45. axb5 Bc8 46. Bxc8 Rxc8 47. Rc6 Rd8 48. Rc2 Rd6 49. Rb2 Rb6 50. Kg3 Kf7 51. Kf4 Ke6 52. Rb1 h5 53. Rb2 Kd5 54. Kxf5 Kc4 55. Kxe4 Kc3 56. Rb1 Kc2 57. Rb4 Kc3 58. Rd4 Rxb5 59. Rd6 Rg5 60. g3 h4 61. gxh4 Rh5 62. Rxf6 Rxh4+ 63. f4 Rxh3 64. Rd6 Kc4 65. f5 Kc5 66. Rd2 Kc6 67. Kf4 Rh4+ 68. Ke5 1-0

[Event "NOR-chT 1011"]
[Site "Oslo"]
[Date "2011.02.23"]
[Round "6"]
[White "Diesen, Bruce"]
[Black "Martinsen, Stig K"]
[Result "1-0"]
[WhiteElo "2168"]
[BlackElo "2180"]
[PlyCount "73"]
[EventDate "2010.11.05"]
[EventType "team-tourn"]
[EventRounds "9"]
[EventCountry "NOR"]
[SourceTitle "EXT 2012"]
[Source "ChessBase"]
[SourceDate "2011.11.24"]
[SourceVersion "1"]
[SourceVersionDate "2011.11.24"]
[SourceQuality "1"]
[WhiteTeam "Asker"]
[BlackTeam "Bergens"]
[WhiteTeamCountry "NOR"]
[BlackTeamCountry "NOR"]

1. e4 d6 2. d4 Nf6 3. Nc3 g6 4. f4 Bg7 5. Nf3 c5 6. dxc5 Qa5 7. Bd3 Qxc5 8. Qe2 Bg4 9. Be3 Qa5 10. 0-0 Nc6 11. h3 Bxf3 12. Qxf3 0-0 13. Kh1 Nd7 14. Bd2 Qd8 15. Rae1 a6 16. g4 e6 17. Qg3 Nc5 18. h4 Kh8 19. g5 f6 20. Re2 Nxd3 21. cxd3 Qe8 22. Rh2 Rd8 23. Rg1 Rd7 24. h5 gxh5 25. g6 Qxg6 26. Qf3 Qe8 27. Rxh5 f5 28. Qh3 Bd4 29. Rgg5 Rg8 30. exf5 Rxg5 31. Rxg5 exf5 32. Qxf5 Qf7 33. Qg4 Re7 34. Ne4 d5 35. Nd6 Qe6 36. Qxe6 Rxe6 37. Nf7# 1-0

[Event "NOR-chT 1011"]
[Site "Oslo"]
[Date "2011.01.22"]
[Round "5"]
[White "Hobber, Anders"]
[Black "Diesen, Bruce"]
[Result "1/2-1/2"]
[WhiteElo "2196"]
[BlackElo "2168"]
[PlyCount "71"]
[EventDate "2010.11.05"]
[EventType "team-tourn"]
[EventRounds "9"]
[EventCountry "NOR"]
[SourceTitle "EXT 2012"]
[Source "ChessBase"]
[SourceDate "2011.11.24"]
[SourceVersion "1"]
[SourceVersionDate "2011.11.24"]
[SourceQuality "1"]
[WhiteTeam "Porsgrunn"]
[BlackTeam "Asker"]
[WhiteTeamCountry "NOR"]
[BlackTeamCountry "NOR"]

1. d4 Nf6 2. Nf3 e6 3. c3 b6 4. Bg5 Bb7 5. Nbd2 Be7 6. e3 d6 7. Bd3 Nbd7 8. 0-0 Nd5 9. Bxe7 Qxe7 10. c4 Nb4 11. Be4 d5 12. cxd5 Nxd5 13. Rc1 c5 14. dxc5 Nxc5 15. Bxd5 exd5 16. b4 Nd3 17. Rc3 Nxb4 18. Qa4+ Kf8 19. Rfc1 Na6 20. Nb3 g6 21. Qd4 f6 22. Qf4 Rd8 23. h4 Kg7 24. Nfd4 Rhe8 25. Nb5 Rd7 26. Nxa7 Nb4 27. Rc7 Red8 28. Rxd7 Rxd7 29. Nc8 Bxc8 30. Rxc8 Qd6 31. Qxd6 Rxd6 32. Rc7+ Kg8 33. Rc8+ Kg7 34. Rc7+ Kg8 35. Rc8+ Kg7 36. Rc7+ 1/2-1/2

[Event "NOR-chT 1011"]
[Site "Oslo"]
[Date "2010.11.05"]
[Round "1"]
[White "Diesen, Bruce"]
[Black "Evensen, Tom Richard"]
[Result "1-0"]
[WhiteElo "2168"]
[BlackElo "2099"]
[PlyCount "69"]
[EventDate "2010.11.05"]
[EventType "team-tourn"]
[EventRounds "9"]
[EventCountry "NOR"]
[SourceTitle "EXT 2011"]
[Source "ChessBase"]
[SourceDate "2010.11.26"]
[SourceVersion "1"]
[SourceVersionDate "2010.11.26"]
[SourceQuality "1"]
[WhiteTeam "Asker"]
[BlackTeam "Trondheim"]
[WhiteTeamCountry "NOR"]
[BlackTeamCountry "NOR"]

1. e4 e5 2. Nf3 Nc6 3. Bb5 a6 4. Ba4 Nf6 5. 0-0 b5 6. Bb3 Be7 7. d4 d6 8. c3 0-0 9. Be3 Bg4 10. Nbd2 h6 11. h3 Bh5 12. Qb1 Re8 13. a4 Bf8 14. Re1 Na5 15. Bc2 c6 16. dxe5 dxe5 17. Qa2 Qc7 18. Nh4 g5 19. Nf5 Nb7 20. Nf1 Nd6 21. N1g3 Nc4 22. Bb3 Nd6 23. Qb1 Bg6 24. Nxd6 Bxd6 25. Bc2 Bf8 26. Qd1 Red8 27. Qf3 Qd6 28. Bb3 Nd7 29. Red1 Qf6 30. Rxd7 Qxf3 31. Rxd8 Qf6 32. Rxa8 Kg7 33. Rxa6 Qd8 34. Rxc6 Qd3 35. Rd1 1-0